000 00860nas a2200229 i 4500
001 181689
003 ES-MaACL
005 20250217134906.0
008 130312d18771883sp | | ||pa d
080 _a008
245 0 0 _aEcos del Nalón
_b: revista ilustrada científico literaria.
260 _aOviedo :
_b[s.n.],
_c1877-1883 (
_fImpr. de la viuda de Cornelio y sobrino)
300 _a5 v. ;
_c30 cm.
310 _aQuincenal a partir de 1880
321 _aSemanal
362 0 _aAño 1, n. 1 (15 nov. 1877)-año 7, n. 2 (30 en. 1883)
500 _aA partir del nº 13 del 20 de febrero de 1878 se hace decenal y cambia el nombre por: Revista de Asturias ilustrada, científico y literaria y sigue la numeración.
740 0 _aRevista de Asturias.
852 _aES-MaACL
_jG-5022-26
866 0 _o(1877-1879) 1880-1883
999 _c181689
_d181689